Mapa Norteamérica examen - Statistics

General Stats
  • This quiz has been taken 58 times
  • The average score is 9 of 13
Answers on the Map
Answers color-coded by a green-red scale on the quiz's map according to % correct below.
 
Answer Stats
Answer % Correct
Canada
94%
Mexico
89%
United States
83%
Panama
75%
Cuba
72%
Dominican
Republic
72%
Haiti
67%
Jamaica
64%
Nicaragua
61%
El Salvador
58%
Guatemala
58%
Honduras
56%
Costa Rica
50%
No matching quizzes found
Score Distribution
Percent of People with Each Score
Percentile by Number Answered
Your Score History
You have not taken this quiz